logo

Bir Sreshtho Munshi Abdur Rouf Library
Jhenaidah Cadet College

ভাষা ও সাহিত্য পরিভাষা-কোষ / (Record no. 2477)

MARC details
000 -LEADER
fixed length control field 00732nam a2200205 a 4500
001 - CONTROL NUMBER
JCCL Control Number 2477
003 - CONTROL NUMBER IDENTIFIER
JCCL marc code BD-JhCC
005 - DATE AND TIME OF LATEST TRANSACTION
control field 20171105103237.0
008 - FIXED-LENGTH DATA ELEMENTS--GENERAL INFORMATION
fixed length control field 171102s1970 bg ||||| |||| 00| 0 ben d
035 ## - SYSTEM CONTROL NUMBER
system control number (BD-JhCC)
040 ## - CATALOGING SOURCE
Original cataloging agency BD-JhCC
Modifying agency BD-JhCC
041 ## - LANGUAGE CODE
Language code of Book ben
082 ## - DEWEY DECIMAL CLASSIFICATION NUMBER
Classification number 491.4403
Author mark and Year RAS 1970
100 ## - MAIN ENTRY--PERSONAL NAME
Personal name রশিদ, হাবিবুর
245 ## - TITLE STATEMENT
Title ভাষা ও সাহিত্য পরিভাষা-কোষ /
Statement of responsibility, etc হাবিবুর রহমান
260 ## - PUBLICATION, DISTRIBUTION, ETC. (IMPRINT)
Place of publication, distribution, etc ঢাকা :
Name of publisher, distributor, etc কেন্দ্রীয় বাংলা-উন্নয়ন বোর্ড ;
Date of publication, distribution, etc ১৯৭০
300 ## - PHYSICAL DESCRIPTION
Pagination ৫৪ পৃ. ;
Dimensions ২৪ সেমি
650 ## - SUBJECT ADDED ENTRY--TOPICAL TERM
Topical term or geographic name as entry element Terminology of language and literature
942 ## - ADDED ENTRY ELEMENTS (KOHA)
Source of classification or shelving scheme Dewey Decimal Classification
Koha item type Books
Holdings
Source of classification or shelving scheme Damaged status Not for loan Home library Current library Shelving location Date of accession Total Checkouts Full call number Barcode Date last seen Copy number Koha item type
Dewey Decimal Classification     JCC Rouf Library JCC Rouf Library General Stacks 11/02/2017   491.4403 RAS 1970 3263 11/02/2017 C-1 Books

JCC Library | Contacts | JCC Home

Last Update on 23 September 2017
Copyright @ 2017-2020 JCC Rouf Library
Rouf Library, Jhenidah Cadet College (JCC), Bangladesh